MARC

LEADER 00000nam0a2200000 4500
001 374638
005 20231101051241.0
010 |a 520900239Х 
035 |a (RuTPU)RU\TPU\retro\32072 
035 |a RU\TPU\book\226146 
090 |a 374638 
100 |a 20221219d1990 km y0rusy50 ca 
101 0 |a rus  |a fre  |a rus  |a spa 
102 |a RU 
105 |a y e 000zy 
200 1 |a Краткий словарь по нефтегазовой геологии и бурению (русско-англо-французско-испанский)  |f сост. М. С. Моделевский , Р. В. Липницкий, И. Ю. Кузнецова 
210 |a Москва  |c Изд-во УДН  |d 1990 
215 |a 103 с. 
610 1 |a языкознание 
610 1 |a иностранные языки 
610 1 |a многоязычные словари 
610 1 |a многоязычные тезаурусы 
610 1 |a английский язык 
610 1 |a русский язык 
610 1 |a испанский язык 
610 1 |a французский язык 
610 1 |a терминологические словари 
610 1 |a нефтегазовая отрасль 
610 1 |a нефтегазовая геология 
610 1 |a бурение 
675 |a 553.98(035)  |v 3 
686 |a Ш12-4  |v LBC/SL-A  |2 rubbk 
702 1 |a Моделевский  |b М. С.  |4 220 
702 1 |a Липницкий  |b Р. В.  |4 220 
702 1 |a Кузнецова  |b И. Ю.  |4 220 
801 1 |a RU  |b 63413507  |c 20120123 
801 2 |a RU  |b 63413507  |c 20221219  |g RCR 
942 |c BK